000 00941nas a2200301 4500
001 BR2010004395
003 BR-BrBNA
005 20231205114730.0
007 ta
008 230509b bl.|||p| |||| 00| 00por d
040 _aBR-BrBNA
_bpor
_cBiblioteca Nacional de Agricultura
041 _a(Pt)
072 _aH20
100 1 _aBotelho, R.V.
100 1 _aMaia, A.J.
100 1 _aPires, E.J.P.
100 1 _aTerra, M.M.
245 1 _aEfeito do extrato de alho na quebra de dormência de gemas de videiras e no controle in vitro do agente causal da antracnose (Elsinoe ampelina Shear)
650 _aUVA
650 _aANTRACNOSE
650 _aFUNGO
650 _aDOENÇA DE PLANTA
650 _aDORMÊNCIA
650 _aBROTAÇÃO
773 0 _tRevista Brasileira de Fruticultura (Brazil)
_xISSN 0100 2945
_g(Mar 2009), v. 31(1) p. 96-102
_wBR2010004395
909 _a202311
_bLúcia
_c55
_dLúcia Elande
942 _2AGRIS
_n0
_cANA
999 _c210206
_d210206